000
00311nam a22001217a 4500
020
_a
9781439834831
082
_a
576
_b
TAO/MI
245
_a
Microbiological Research and Development for the Food Industry
260
_a
Boca Raton
_b
CRC Press
_c
2013
300
_a
345
700
_a
Taormina,Peter
_9
975
942
_c
BK
999
_c
14563
_d
14563